<?xml version="1.0" encoding="UTF-8"?>
<record
    xmlns:xsi="http://www.w3.org/2001/XMLSchema-instance"
    xsi:schemaLocation="http://www.loc.gov/MARC21/slim http://www.loc.gov/standards/marcxml/schema/MARC21slim.xsd"
    xmlns="http://www.loc.gov/MARC21/slim">

  <leader>00467nam a22001577a 4500</leader>
  <controlfield tag="005">20260304144312.0</controlfield>
  <controlfield tag="008">260304b        |||||||| |||| 00| 0 eng d</controlfield>
  <datafield tag="041" ind1=" " ind2=" ">
    <subfield code="a">mar</subfield>
  </datafield>
  <datafield tag="100" ind1=" " ind2=" ">
    <subfield code="a">  &#x92D;&#x93E;&#x917;&#x935;&#x924; &#x905;&#x930;&#x94D;&#x91C;&#x941;&#x928; </subfield>
    <subfield code="9">216816</subfield>
  </datafield>
  <datafield tag="245" ind1=" " ind2=" ">
    <subfield code="a">&#x935;&#x94D;&#x92F;&#x93E;&#x92A;&#x93E;&#x930;&#x940; &#x915;&#x93E;&#x92F;&#x926;&#x947;  &#x928;&#x93F;&#x92F;&#x92E;&#x928;&#x93E;&#x924;&#x94D;&#x92E;&#x915; &#x930;&#x91A;&#x928;&#x93E;- II</subfield>
  </datafield>
  <datafield tag="250" ind1=" " ind2=" ">
    <subfield code="a">2nd Edi</subfield>
  </datafield>
  <datafield tag="260" ind1=" " ind2=" ">
    <subfield code="a">Pune</subfield>
    <subfield code="b">Nirali Publication</subfield>
    <subfield code="c">2023</subfield>
  </datafield>
  <datafield tag="300" ind1=" " ind2=" ">
    <subfield code="a">4.32  p</subfield>
  </datafield>
  <datafield tag="500" ind1=" " ind2=" ">
    <subfield code="a">Bcom Book</subfield>
  </datafield>
  <datafield tag="942" ind1=" " ind2=" ">
    <subfield code="c">BK</subfield>
  </datafield>
  <datafield tag="999" ind1=" " ind2=" ">
    <subfield code="c">370557</subfield>
    <subfield code="d">370557</subfield>
  </datafield>
  <datafield tag="952" ind1=" " ind2=" ">
    <subfield code="0">0</subfield>
    <subfield code="1">0</subfield>
    <subfield code="2">ddc</subfield>
    <subfield code="4">0</subfield>
    <subfield code="7">0</subfield>
    <subfield code="8">BCOM</subfield>
    <subfield code="a">BCAS</subfield>
    <subfield code="b">BCAS</subfield>
    <subfield code="d">2026-02-28</subfield>
    <subfield code="i">72378</subfield>
    <subfield code="l">2</subfield>
    <subfield code="p">BCAS-C-930</subfield>
    <subfield code="q">2026-09-16</subfield>
    <subfield code="r">2026-03-20 13:03:32</subfield>
    <subfield code="s">2026-03-20</subfield>
    <subfield code="v">190.00</subfield>
    <subfield code="w">2026-02-28</subfield>
    <subfield code="y">BK</subfield>
    <subfield code="z">C00930</subfield>
  </datafield>
</record>
